000 00469nam a2200169Ia 4500
003 GCL
008 140319s9999 xx 000 0 eng d
040 _aGCL /
_cGCL
082 0 4 _a121.68
_bC F
100 1 _aCARL, WOLFGANG
245 1 0 _aFREGE'S THEORY OF SENSE AND REFERENCE: ITS ORIGINS AND SCOPE /
_cCARL, WOLFGANG
260 _a[S.N] :
_bCAMBRIDGE UNIVERSITY PRESS ،
_c1994
300 _a220 P
650 0 4 _aREFERENCE
650 0 4 _aPHILOSOPHY
942 _2ddc
_cBK
999 _c24581
_d24581